000 00449nam a2200169Ia 4500
008 230917s9999||||xx |||||||||||||| ||und||
020 _cRS450
040 _e247416
_aMAIN
041 _aEnglish
082 _a537 G341P
100 _aGhatak, Ajoy
245 0 _aProblems and solutions in electromagnetics
260 _aNew Delhi
_bViva Books
_c2018
300 _av. p.
500 _a3116 22/05/2018 RBP18/71408 01/06/2018 Main Budget
942 _cBK
999 _c26762
_d26762